Super Mario 64 étoiles de puissances sur une carte: Laves fatales - Statistiques

Statistiques générales
  • Ce quiz a été pris 81 fois
  • Le résultat moyen est 5 sur 8
Réponses sur la Carte
Les réponses sont colorées sur une échelle allant du rouge au vert en fonction du pourcentage des utilisateurs qui les ont devinées à leur premier essai. Vous pouvez retrouver ces pourcentages ci-dessous.
 
Statistiques - réponses
# Réponse % Correct
6 A l'intérieur du {volcan}
98%
6 Ascenseur dans le {volcan}
98%
2 Poussez les Petits {Voyous}
91%
3 {Puzzle} de 8 pièces rouges
81%
4 Ballade sur la {bûche}
51%
7 {Etoiles} {d}'{argent} flambantes
47%
5 {Chaud} dans le volcan
19%
1 {Cramez} le Gros Voyou
18%
Aucun quiz correspondant
Distribution des résultats
% des personnes avec chaque résultat
Percentile par nombre de réponses
Votre historique - résultats
Vous n’avez pas pris ce quiz